00350 a2200145 4500003000400000005001700004008004100021020001500062040000600077100001600083245003600099260004900135300001000184440001000194OSt20180116182619.0160426b xxu||||| |||| 00| 0 eng d a0852974442 c0 aBrian Coyle aFRAs adn internest-rate futures aCanterburybFinancial World Publishingc2001 a146 P a146 P